000
00218 a2200097 4500
001
14495
100
_a
Drapir, E
245
_a
Birth Control in Modern World
260
_a
London
_b
George Allen
_c
090
_c
11325
_d
11325
942
_a
NUST-CAE
_c
M
_c
1476
999
_c
249568
_d
249568